000 00502cam a22002054a 4500
005 20250605164326.0
008 250528s ||||||||||||||||||||||||d
035 _a23028
020 _a9780140514513
040 _aGR-AtMCL
_bgre
_dGR-AtMCL
_eAACR2
245 1 _aTHE PENGUIN DICTIONARY OF PSYCHOLOGY
250 _a3
260 _bPenguin Books,
_c2001
300 _a830
700 1 _aReber S. Arthur
_98606
700 1 _aReber S. Emily
_98607
942 _cBK
999 _c8069
_d8069